MARC

Tag First Indicator Second Indicator Subfields
LEADER 00000cas a2200000 4500
001 in00000048899
005 20151007075731.0
008 790405c19729999vau x 0uuua0eng d
035 |a (OCoLC)04825053 
035 |9 AAF3732AM 
040 |a GUA  |c GUA  |d TXA  |d UtOrBLW 
043 |a n-us-va 
049 |a TXAE 
090 |a SD143  |b .V57 
245 0 0 |a Publication FWS. 
246 1 3 |a FWS 
264 1 |a Blacksburg :  |b Division of Forestry and Wildlife Sciences, Virginia Polytechnic University,  |c [1972-] 
264 4 |c ©1972- 
300 |a  volumes ;  |c 28 cm. 
336 |a text  |b txt  |2 rdacontent 
337 |a unmediated  |b n  |2 rdamedia 
338 |a volume  |b nc  |2 rdacarrier 
362 0 |a  1972- 
500 |a Each number has also a distinctive title. 
550 |a Issued by: the Division of Forestry and Wildllife Resources, 1972-1976; the School of Forestry and Wildlife Resources, 1977- 
500 |a Some nos. have title: FWS. 
500 |a Volume numbering irregular in publication sequence. 
650 0 |a Forests and forestry  |x Research. 
650 0 |a Wildlife research. 
710 2 |a Virginia Polytechnic Institute and State University.  |b Division of Forestry and Wildlife Resources. 
710 2 |a Virginia Polytechnic Institute and State University.  |b Division of Forestry and Wildlife Sciences. 
999 |a MARS 
999 f f |s 8df57fb7-b1a6-3fa6-8590-27c773c112e3  |i 20f4ab7c-9140-30ba-92d9-a198f3b7f959  |t 0 
952 f f |a Texas A&M University  |b Rellis Campus  |c Joint Library Facility  |d Remote Storage  |e SD143 .V57  |h Library of Congress classification  |i unmediated -- volume  |k FWS-1  |l 1974  |m A14851217480  |p ric  |s JLF  |t 0 
952 f f |p ric  |a Texas A&M University  |b Rellis Campus  |c Joint Library Facility  |s JLF  |d Remote Storage  |t 0  |e SD143 .V57  |h Library of Congress classification  |i unmediated -- volume  |k FWS-3-90  |m A14813731073 
952 f f |a Texas A&M University  |b Rellis Campus  |c Joint Library Facility  |d Remote Storage  |e SD143 .V57  |h Library of Congress classification  |i unmediated -- volume  |k FWS-1  |l 1976  |m A14851217506  |p ric  |s JLF  |t 0 
952 f f |a Texas A&M University  |b Rellis Campus  |c Joint Library Facility  |d Remote Storage  |e SD143 .V57  |h Library of Congress classification  |i unmediated -- volume  |k FWS-2  |l 1987  |m A14851217571  |p ric  |s JLF  |t 0 
952 f f |p ric  |a Texas A&M University  |b Rellis Campus  |c Joint Library Facility  |s JLF  |d Remote Storage  |t 0  |e SD143 .V57  |h Library of Congress classification  |i unmediated -- volume  |k FWS-2-90  |m A14813731023 
952 f f |p ric  |a Texas A&M University  |b Rellis Campus  |c Joint Library Facility  |s JLF  |d Remote Storage  |t 0  |e SD143 .V57  |h Library of Congress classification  |i unmediated -- volume  |l 1973  |m A14851217472 
952 f f |p ric  |a Texas A&M University  |b Rellis Campus  |c Joint Library Facility  |s JLF  |d Remote Storage  |t 0  |e SD143 .V57  |h Library of Congress classification  |i unmediated -- volume  |k FWS-1-90  |m A14812230090 
952 f f |a Texas A&M University  |b Rellis Campus  |c Joint Library Facility  |d Remote Storage  |e SD143 .V57  |h Library of Congress classification  |i unmediated -- volume  |k FWS-1  |l 1977  |m A14851217514  |p ric  |s JLF  |t 0 
952 f f |p ric  |a Texas A&M University  |b Rellis Campus  |c Joint Library Facility  |s JLF  |d Remote Storage  |t 0  |e SD143 .V57  |h Library of Congress classification  |i unmediated -- volume  |l 1981  |m A14851217548 
952 f f |p ric  |a Texas A&M University  |b Rellis Campus  |c Joint Library Facility  |s JLF  |d Remote Storage  |t 0  |e SD143 .V57  |h Library of Congress classification  |i unmediated -- volume  |l 1984:no.1-4  |m A14851217563 
952 f f |p ric  |a Texas A&M University  |b Rellis Campus  |c Joint Library Facility  |s JLF  |d Remote Storage  |t 0  |e SD143 .V57  |h Library of Congress classification  |i unmediated -- volume  |l 1979-1980  |m A14851217530 
952 f f |p ric  |a Texas A&M University  |b Rellis Campus  |c Joint Library Facility  |s JLF  |d Remote Storage  |t 0  |e SD143 .V57  |h Library of Congress classification  |i unmediated -- volume  |l 1975  |m A14851217498 
952 f f |p ric  |a Texas A&M University  |b Rellis Campus  |c Joint Library Facility  |s JLF  |d Remote Storage  |t 0  |e SD143 .V57  |h Library of Congress classification  |i unmediated -- volume  |l 1972  |m A14851217464 
952 f f |p ric  |a Texas A&M University  |b Rellis Campus  |c Joint Library Facility  |s JLF  |d Remote Storage  |t 0  |e SD143 .V57  |h Library of Congress classification  |i unmediated -- volume  |l 1978  |m A14851217522 
952 f f |p ric  |a Texas A&M University  |b Rellis Campus  |c Joint Library Facility  |s JLF  |d Remote Storage  |t 0  |e SD143 .V57  |h Library of Congress classification  |i unmediated -- volume  |l 1982  |m A14851217555 
952 f f |a Texas A&M University  |b Rellis Campus  |c Joint Library Facility  |d Remote Storage  |e SD143 .V57  |h Library of Congress classification  |i unmediated -- volume  |k FWS-1  |l 1986  |m A14851217597  |p ric  |s JLF  |t 0 
952 f f |a Texas A&M University  |b Rellis Campus  |c Joint Library Facility  |d Remote Storage  |e SD143 .V57  |h Library of Congress classification  |i unmediated -- volume  |k FWS-1  |l 1987  |m A14851217589  |p ric  |s JLF  |t 0 
998 f f |a SD143 .V57  |s 1990  |t 0  |l Remote Storage